00718nam a2200157 a 4500003000200000005001700002008004100019050002900060100002800089245017700117260009000294300004000384504004100424650004700465650004800512020250210101914.0130116s19uu xx 00 eng d aPHS HB 3717b.An561 2012 aAndres, Ana Victoria I. aWhen American bubbles burst :bcauses and effects during the great depression of the 20th century and the emergent depression of the 21st century /cAna Victoria I. Andres. aLas Piñas City, Philippines :bSouthville International School and Colleges,c2012. a51 pages :billustrations ;c28 cm. aIncludes bibliographical references. aFinancial crisesxUnited StatesxAnalysis. aDepressionsx1929xUnited StatesxAnalysis.